000
00316nam a22001457a 4500
008
210311b ||||| |||| 00| 0 eng d
020
_a
9780470129265
041
_a
eng
080
_a
541
082
_a
541
100
_a
12
101
_a
KIM
245
_a
Chemistry a Guided Inquiry
_c
Moog, R. S
942
_2
udc
_c
BK
999
_c
56450
_d
56450